000 00730nam a22001817a 4500
005 20251108165820.0
008 250721s1991 xx 000 0 ara d
082 1 4 _aم/529.3/علب
100 1 _aالعلبي، أكرم حسن
245 1 0 _aالتقويم :
_bدراسة للتقويم و التوقيت و التاريخ و جداول مفصلة لمقابلة التاريخ الهجري بالميلادي حتى سنة 2000 /
264 1 _aبيروت :
_bالمصادر للتأليف والتجمة والطباعة والنشر،
_c1991.
300 _a352ص
650 1 7 _aالتقاويم
650 1 7 _aالتقويم الهجري
650 1 7 _aالتقويم الميلادي
942 _2ddc
_cREF
999 _c32007
_d32007